Princess remembers: Memoirs of the maharani of Jaipur (Record no. 33261)

MARC details
000 -LEADER
fixed length control field 00343nam a2200121Ia 4500
082 ## - DEWEY DECIMAL CLASSIFICATION NUMBER
Classification number 929 A/Z(GAY)
Item number GAY
100 ## - MAIN ENTRY--AUTHOR NAME
Personal name Gayatri Devi
245 #0 - TITLE STATEMENT
Title Princess remembers: Memoirs of the maharani of Jaipur
260 ## - PUBLICATION, DISTRIBUTION, ETC. (IMPRINT)
Place of publication Philadelphia
Name of publisher J B Lippincott
Year of publication 1976
700 ## - ADDED ENTRY--PERSONAL NAME
Personal name Santha Rama Rao
942 ## - ADDED ENTRY ELEMENTS (KOHA)
Koha item type Books
Holdings
Withdrawn status Lost status Damaged status Not for loan Home library Current library Date acquired Cost, normal purchase price Full call number Accession Number Koha item type
        RRII Library RRII Library 16/12/2021 6.95 929 A/Z(GAY) GAY 13761 Books